000 00580nam a2200193 u 4500
001 000507156
003 AM-YeHGA
005 20250617134815.0
008 061103s1976 ||| r 000 0 rus d
040 _aAM-YeHGA
041 0 _arus
100 1 _aГундарев, Владимир Романович
245 1 0 _aЗимопись :
_bСтихи /
_cВладимир Гундарев.
260 _aАлма-Ата :
_bЖазушы,
_c1976.
300 _a59 с.
650 1 4 _aРусская литература
653 0 _aРусская поэзия
090 _c189670
999 _c188203
_d188203